000 00660nam a2200289Ia 4500
005 20260324124147.0
008 008 260324s9999 xx 000 0 eng d
020 _a9780203808894
037 _aEBOOK
040 _aCRL
040 _beng
040 _cCRL
041 _2eng
041 _aeng
084 _qCRL
100 _aWarren Magnusson
_91173084
245 0 _aPolitics of Urbanism
245 0 _bSeeing Like a City
260 _bTaylor and Francis
260 _c2011
365 _a
365 _b240
856 _uhttp://www.taylorfrancis.com/books/9780203808894
942 _cEBOOK
999 _c1767237
_d1767237